Normal view MARC view

Entry Personal Name

Number of records used in: 2

001 - CONTROL NUMBER

  • control field: 41294

003 - CONTROL NUMBER IDENTIFIER

  • control field: dpl

005 - DATE AND TIME OF LATEST TRANSACTION

  • control field: 20120209111841.0

008 - FIXED-LENGTH DATA ELEMENTS

  • fixed length control field: 120209|||a|||||| | ||| d

040 ## - CATALOGING SOURCE

  • Original cataloging agency: dpl
  • Transcribing agency: dpl

100 ## - HEADING--PERSONAL NAME

  • Personal name: मूर, जॉर्ज एडवर्ड

670 ## - SOURCE DATA FOUND

  • Source citation: Work cat.: (dpl): मूर, जॉर्ज एडवर्ड , नीतिशास्त्र मीमांसा /, 2000

670 ## - SOURCE DATA FOUND

  • Source citation: Work cat.: (dpl): मूर, जॉर्ज एडवर्ड , नीतिशास्त्र मीमांसा /, 2000

© Delhi Public Library
Hit Counter
free hit counter